000 00799nam a2200277 a 4500
999 _c2909
_d2909
001 015992675
003 UkOxU
005 20230911154901.0
008 970804r20021948enk 000 1 eng d
015 _aGB 97-V9520
020 _a0099766817
020 _a9780099766810
035 _aBNB2464.355
040 _aBDS
_cKH8
082 0 _a823 PAT
_221
100 1 _aPaton, Alan,
_eauthor.
245 1 0 _aCry, the beloved country /
_cAlan Paton.
260 _aLondon :
_bVintage,
_c2002.
300 _a239 p. ;
_c20 cm.
490 1 _aVintage classics
500 _aOriginally published: London : Jonathan Cape, 1948.
651 0 _aSouth Africa
_xRace relations
_vFiction.
651 0 _aSouth Africa
_xSocial conditions
_vFiction.
830 0 _aVintage classics (London, England)
942 _2ddc
_cTR